| 000 | 01272cam a22003134a 4500 | ||
|---|---|---|---|
| 001 | 13375541 | ||
| 003 | OSt | ||
| 005 | 20240223094023.0 | ||
| 008 | 031016s2004 ctua 000 0 eng | ||
| 010 | _a 2003022745 | ||
| 020 | _a156158665X | ||
| 020 | _a9781561587643 | ||
| 040 |
_aDLC _cDLC _dDLC |
||
| 042 | _apcc | ||
| 050 | 0 | 0 |
_aTH4763 _b.W45 2004 |
| 082 | 0 | 0 |
_a728.962 _222 _bWHI |
| 100 | 1 |
_aWhite, Lee Anne. _9119406 |
|
| 245 | 1 | 0 |
_aPool idea book / _cLee Anne White. |
| 260 |
_aNewtown, CT : _bTaunton Press, _cc2004. |
||
| 300 |
_a170 p. : _bcol. ill. ; _c29 cm. |
||
| 650 | 0 |
_aSwimming pools. _9119407 |
|
| 856 | 4 | 1 |
_3Table of contents _uhttp://www.loc.gov/catdir/toc/ecip0410/2003022745.html |
| 856 | 4 | 2 |
_3Contributor biographical information _uhttp://www.loc.gov/catdir/enhancements/fy0912/2003022745-b.html |
| 856 | 4 | 2 |
_3Publisher description _uhttp://www.loc.gov/catdir/enhancements/fy0915/2003022745-d.html |
| 906 |
_a7 _bcbc _corignew _d1 _eecip _f20 _gy-gencatlg |
||
| 942 |
_2ddc _cREF |
||
| 999 |
_c608059 _d608059 |
||